ბათუმის შოთა რუსთაველის სახელმწიფო უნივერსიტეტის ბიბლიოთეკა

ბიბლიოთეკა და რელიგიური განათლება. მეთოდურ-ინსტრუქციული წერილი ბიბლიოთეკების დასახმარებლად (ბიბ.ჩანაწერი № 52808)

000 -LEADER
fixed length control field 01060nam a2200217Ia 4500
001 - CONTROL NUMBER
control field 19838
003 - CONTROL NUMBER IDENTIFIER
control field GE_BSU
008 - FIXED-LENGTH DATA ELEMENTS--GENERAL INFORMATION
fixed length control field 181216s||||||||xx |||||||||||||| ||und||
040 ## - CATALOGING SOURCE
Transcribing agency GE_BSU
080 ## - UNIVERSAL DECIMAL CLASSIFICATION NUMBER
Universal Decimal Classification number 02
245 ## - TITLE STATEMENT
Title ბიბლიოთეკა და რელიგიური განათლება. მეთოდურ-ინსტრუქციული წერილი ბიბლიოთეკების დასახმარებლად
245 ## - TITLE STATEMENT
Statement of responsibility, etc. შემდგ. ნ. ქავთარაძე. რედ. გ. თაყნიაშვილი
260 ## - PUBLICATION, DISTRIBUTION, ETC.
Place of publication, distribution, etc. თბილისი
260 ## - PUBLICATION, DISTRIBUTION, ETC.
Date of publication, distribution, etc. 2006
300 ## - PHYSICAL DESCRIPTION
Extent 27გვ.
653 ## - INDEX TERM--UNCONTROLLED
Uncontrolled term STUDENT S' Book
653 ## - INDEX TERM--UNCONTROLLED
Uncontrolled term ბიბლიოთეკა და რელიგიური განათლება. მეთოდურ-ინსტრუქციული წერილი ბიბლიოთეკების დასახმარებლად
653 ## - INDEX TERM--UNCONTROLLED
Uncontrolled term ბიბლიოთეკარი
942 ## - ADDED ENTRY ELEMENTS (KOHA)
Koha item type წიგნი
ეგზემპლარები
Withdrawn status Lost status Damaged status Not for loan Date acquired Barcode Date last seen Price effective from Koha item type Public note
        2018-12-17 00440 2018-12-17 2018-12-17 წიგნი ქსეროქსი